Arrested Development- Picture to Season Match Quiz Stats

Quiz not verified by Sporcle

Challenge
Share
Tweet
Score 0/30 Timer 05:00
0 Plays Today
% Correct
Correct, it's from Season 3 Episode 6- Ocean Walker
86%
Correct, it's from Season 1 Episode 2- Top Banana
82.9%
Correct, it's from Season 3 Episode 10- Fakin It
82.5%
Correct, it's from Season 3 Episode 5- Mr. F
80.7%
Correct it's from Season 1 Episode 4- Key Decisions
79.8%
Correct, it's from Season 2 Episode 4- Good Grief
76.3%
Correct, it's from Season 1 Episode 10- Pier Pressure
71.5%
Correct, it's from Season 1 Episode 13- Beef Consomme
71.1%
Correct, it's from Seaon 2 Episode 6- Afternoon Delight
70.6%
Correct, it's from Season 2 Episode 18-Righteous Brothers
68.9%
Correct, it's from Season 1 Episode 11- Public Relations
67.1%
Correct it's from Season 1 Episode 22- Let 'Em Eat Cake
66.2%
Correct, it's from Season 2 Episode 5- Sad Sack
66.2%
Correct, it's from Season 2 Episode 7- Switch Hitter
65.8%
Correct, it's from Season 2 Episode 10- Ready, Aim, Marry, Me
64.9%
% Correct
Correct, it's from Season 1 Episode 7- In God We Trust
64.5%
Correct, it's from Season 3 Episode 3- Forget Me Now
62.7%
Correct, it's from Season 3 Episode 1- The Cabin Show
62.3%
Correct, it's from Season 3 Episode 8- Making A Stand
61%
Correct, it's from Season 3 Episode 2- For British Eyes Only
61%
Correct, it's from Season 2 Episode 12- Hand To God
60.1%
Correct, it's from Season 2 Episode 17- Spring Breakout
58.8%
Correct, it's fom Season 2 Episode 2- The One Where They Build A House
58.8%
Correct, its from Season 2 Season 3- Amigos
56.1%
Correct, it's from Season 1 Episode 8- My Mother The Car
53.9%
Correct, it's from Season 2 Episode 13- Motherboy XXX
51.8%
Correct, it's from Season 1 Episode 21- Not Without My Daughter
46.1%
Correct, it's from Season 3 Episode 4- Notapusy
43.9%
Correct, it's from Season 1 Episode 18- Missing Kitty
41.2%
Correct its's from Season 1 Episode 17- Justice is Blind
29.4%

You're not logged in!

Compare scores with friends on all Sporcle quizzes.
Sign Up with Email
OR
Log In

You Might Also Like...

Show Comments

Extras

Top Quizzes Today


Score Distribution

Your Account Isn't Verified!

In order to create a playlist on Sporcle, you need to verify the email address you used during registration. Go to your Sporcle Settings to finish the process.